ARRUPE JESUIT UNIVERSITY

CORONAVIRUS -STOP THE SPREAD - CLEAN,DISINFECT,COVER

Money and the morality of exchange / (Record no. 127337)

MARC details
000 -LEADER
fixed length control field 01372pam a2200337 a 4500
001 - CONTROL NUMBER
control field 1966686
003 - CONTROL NUMBER IDENTIFIER
control field ARRUPE
005 - DATE AND TIME OF LATEST TRANSACTION
control field 20180111105416.0
008 - FIXED-LENGTH DATA ELEMENTS--GENERAL INFORMATION
fixed length control field 881202s1989 enk b 001 0 eng
010 ## - LIBRARY OF CONGRESS CONTROL NUMBER
LC control number 88037709
020 ## - INTERNATIONAL STANDARD BOOK NUMBER
International Standard Book Number 052136597X
020 ## - INTERNATIONAL STANDARD BOOK NUMBER
International Standard Book Number 0521367743 (pbk.)
040 ## - CATALOGING SOURCE
Original cataloging agency DLC
Transcribing agency DLC
Modifying agency DLC
050 00 - LIBRARY OF CONGRESS CALL NUMBER
Classification number GN450
Item number .M66 1989
082 00 - DEWEY DECIMAL CLASSIFICATION NUMBER
Classification number 306/.3
Edition number 19
300 ## - PHYSICAL DESCRIPTION
Dimensions 24 cm.
245 00 - TITLE STATEMENT
Title Money and the morality of exchange /
Statement of responsibility, etc edited by J. Parry and M. Bloch.
260 ## - PUBLICATION, DISTRIBUTION, ETC. (IMPRINT)
Place of publication, distribution, etc Cambridge [England] ;
-- New York :
Name of publisher, distributor, etc Cambridge University Press,
Date of publication, distribution, etc 1989.
300 ## - PHYSICAL DESCRIPTION
Extent viii, 276 p. ;
504 ## - BIBLIOGRAPHY, ETC. NOTE
Bibliography, etc Includes bibliographical references.
650 #0 - SUBJECT ADDED ENTRY--TOPICAL TERM
Topical term or geographic name as entry element Exchange
General subdivision Cross-cultural studies.
9 (RLIN) 38354
650 #0 - SUBJECT ADDED ENTRY--TOPICAL TERM
Topical term or geographic name as entry element Money
General subdivision Social aspects
-- Cross-cultural studies.
9 (RLIN) 38355
650 #0 - SUBJECT ADDED ENTRY--TOPICAL TERM
Topical term or geographic name as entry element Economic anthropology.
9 (RLIN) 37840
700 1# - ADDED ENTRY--PERSONAL NAME
Personal name Parry, Jonathan P.
9 (RLIN) 38356
700 1# - ADDED ENTRY--PERSONAL NAME
Personal name Bloch, Maurice.
9 (RLIN) 30376
856 42 - ELECTRONIC LOCATION AND ACCESS
Materials specified Publisher description
Uniform Resource Identifier <a href="http://www.loc.gov/catdir/description/cam023/88037709.html">http://www.loc.gov/catdir/description/cam023/88037709.html</a>
856 41 - ELECTRONIC LOCATION AND ACCESS
Materials specified Table of contents
Uniform Resource Identifier <a href="http://www.loc.gov/catdir/toc/cam021/88037709.html">http://www.loc.gov/catdir/toc/cam021/88037709.html</a>
906 ## - LOCAL DATA ELEMENT F, LDF (RLIN)
a 7
b cbc
c orignew
d 1
e ocip
f 19
g y-gencatlg
942 ## - ADDED ENTRY ELEMENTS (KOHA)
Source of classification or shelving scheme Library of Congress Classification
Koha item type Monograph ( Printed materials)
Holdings
Withdrawn status Lost status Source of classification or shelving scheme Damaged status Not for loan Collection code Home library Current library Shelving location Date acquired Total Checkouts Full call number Barcode Date last seen Price effective from Koha item type
    Library of Congress Classification     Main Collection ARRUPE LIBRARY ARRUPE LIBRARY Main Collection 11/01/2018   GN450 .M66 1989 46600001149 09/04/2018 11/01/2018 Monograph ( Printed materials)

 

Arrupe Library. PO Box MP320 Mt Pleasant, Harare, Zimbabwe
263 242 745411|librarian@aju.ac.zw